[Event "Stuttgart-chB int"]
[Site "Ditzingen"]
[Date "2013.05.11"]
[Round "5"]
[White "Kleih, Julian"]
[Black "Luft, Jakob"]
[Result "1-0"]
[WhiteElo "1713"]
[BlackElo "1874"]
[PlyCount "87"]
[EventDate "2013.05.09"]
[EventType "swiss"]
[EventRounds "7"]
[EventCountry "GER"]
[SourceTitle "EXT 2014"]
[Source "ChessBase"]
[SourceDate "2013.11.20"]
[SourceVersion "1"]
[SourceVersionDate "2013.11.20"]
[SourceQuality "1"]

1. d4 Nf6 2. c4 e6 3. Nf3 d5 4. g3 Be7 5. Bg2 Nbd7 6. 0-0 0-0 7. Nbd2 Re8 8. Qc2 Nf8 9. b3 c6 10. Bb2 N6d7 11. e4 dxe4 12. Nxe4 Nf6 13. Rad1 N8d7 14. Ne5 Qa5 15. Bc3 Qc7 16. f4 Nf8 17. Ng5 N6d7 18. Ngxf7 h6 19. Nxd7 Bxd7 20. Ne5 Bf6 21. Ng4 Be7 22. Ne3 Rad8 23. f5 Bg5 24. Bd2 Bxe3+ 25. Bxe3 exf5 26. Bf4 Qb6 27. Kh1 Ng6 28. Bc1 Qc7 29. d5 Bc8 30. Bb2 Kh8 31. Bh3 cxd5 32. Bxf5 Ne5 33. Bxc8 Qxc8 34. Rfe1 Qc7 35. Qc3 d4 36. Rxd4 Qc6+ 37. Rd5 Rxd5 38. cxd5 Qxd5+ 39. Kg1 Nf3+ 40. Kf2 Ne5 41. Rxe5 Rf8+ 42. Kg1 Qf7 43. Rf5 Qe7 44. Qxg7+ 1-0

[Event "Stuttgart-chB int"]
[Site "Ditzingen"]
[Date "2013.05.11"]
[Round "6"]
[White "Luft, Jakob"]
[Black "Rieder, Josef"]
[Result "1-0"]
[WhiteElo "1874"]
[BlackElo "1818"]
[PlyCount "49"]
[EventDate "2013.05.09"]
[EventType "swiss"]
[EventRounds "7"]
[EventCountry "GER"]
[SourceTitle "EXT 2014"]
[Source "ChessBase"]
[SourceDate "2013.11.20"]
[SourceVersion "1"]
[SourceVersionDate "2013.11.20"]
[SourceQuality "1"]

1. e4 e5 2. Nf3 Nc6 3. Bb5 Nf6 4. 0-0 d6 5. d4 exd4 6. e5 dxe5 7. Nxe5 Bd7 8. Re1 Nxe5 9. Rxe5+ Be7 10. Bxd7+ Nxd7 11. Re4 0-0 12. Rxd4 Bd6 13. Nc3 Re8 14. Be3 Ne5 15. Nb5 Re6 16. Nxd6 Rxd6 17. Rxd6 cxd6 18. Qd5 Qc7 19. Rc1 a6 20. c4 Qc6 21. Qxc6 bxc6 22. b3 Kf8 23. Rd1 Ke7 24. Bb6 Rb8 25. Bc7 1-0

[Event "Stuttgart-chB int"]
[Site "Ditzingen"]
[Date "2010.05.16"]
[Round "7"]
[White "Luft, Jakob"]
[Black "Helfrich, Leo"]
[Result "1/2-1/2"]
[WhiteElo "1862"]
[BlackElo "1701"]
[PlyCount "154"]
[EventDate "2010.05.13"]
[EventType "swiss"]
[EventRounds "7"]
[EventCountry "GER"]
[SourceTitle "EXT 2018"]
[Source "ChessBase"]
[SourceDate "2017.10.13"]
[SourceVersion "1"]
[SourceVersionDate "2017.10.13"]
[SourceQuality "1"]

1. d4 g6 2. c4 Bg7 3. Nf3 c5 4. e3 d6 5. Nc3 cxd4 6. exd4 Nf6 7. Be2 0-0 8. h3 d5 9. cxd5 Nxd5 10. 0-0 Nc6 11. Bc4 e6 12. Bb3 Na5 13. Bc2 b6 14. h4 Bb7 15. h5 Nxc3 16. bxc3 Rc8 17. Bd2 Nc4 18. Be1 Qf6 19. hxg6 fxg6 20. Nd2 Qg5 21. Ne4 Qf4 22. Qe2 Bd5 23. Rd1 Nb2 24. Bd2 Qc7 25. Rb1 Bc4 26. Qg4 Bxf1 27. Qxe6+ Kh8 28. Rxf1 Nc4 29. Bc1 Rce8 30. Qh3 Bf6 31. Rd1 Qd8 32. Qd3 Qd5 33. f3 Bh4 34. Rf1 b5 35. g3 Bd8 36. Kg2 Rf5 37. g4 Rf7 38. Rh1 Kg8 39. Rh3 Re6 40. Rh1 a5 41. a4 bxa4 42. Bxa4 Rb6 43. Bc2 a4 44. Bxa4 Ne5 45. Qe2 Nxf3 46. Bc2 Re6 47. Rh3 Ng5 48. Bxg5 Bxg5 49. Rh1 Rfe7 50. Kf3 Qa8 51. Qc4 Kg7 52. d5 Qf8+ 53. Kg2 Rxe4 54. Bxe4 Qf4 55. Qd4+ Bf6 56. Rxh7+ Kg8 57. Rxe7 Qxg4+ 58. Kf1 Bxd4 59. cxd4 Qd1+ 60. Kg2 Qxd4 61. Re6 g5 62. Kf3 Kf7 63. Bg6+ Kg7 64. Be4 Qd2 65. Re7+ Kf8 66. Re6 Qf4+ 67. Ke2 g4 68. Kd3 g3 69. Rg6 Kf7 70. d6 Ke8 71. Bc6+ Kf7 72. Be4 Qf1+ 73. Kd4 Qd1+ 74. Ke3 Qb3+ 75. Kf4 Qa3 76. d7 Ke7 77. Bf5 Qc1+ 1/2-1/2

[Event "Stuttgart-chB int"]
[Site "Ditzingen"]
[Date "2010.05.15"]
[Round "6"]
[White "Loerincz, Peter"]
[Black "Luft, Jakob"]
[Result "0-1"]
[WhiteElo "1840"]
[BlackElo "1862"]
[PlyCount "120"]
[EventDate "2010.05.13"]
[EventType "swiss"]
[EventRounds "7"]
[EventCountry "GER"]
[SourceTitle "EXT 2018"]
[Source "ChessBase"]
[SourceDate "2017.10.13"]
[SourceVersion "1"]
[SourceVersionDate "2017.10.13"]
[SourceQuality "1"]

1. Nf3 d5 2. g3 Nf6 3. Bg2 e6 4. d4 Nbd7 5. c3 Be7 6. 0-0 c5 7. Bf4 Qb6 8. Qc1 h6 9. dxc5 Bxc5 10. Be3 Bxe3 11. fxe3 Ng4 12. Nd4 Ndf6 13. Na3 Bd7 14. h3 Ne5 15. Qd2 a6 16. Rac1 Rc8 17. b3 Ng6 18. Nb1 Qd6 19. Qe1 0-0 20. Nd2 Nh5 21. g4 Nf6 22. Rf2 Qe5 23. N4f3 Qxe3 24. Nf1 Qb6 25. Nd4 Rc7 26. e3 Rfc8 27. Rfc2 Qd6 28. Qf2 b5 29. Nd2 Qb6 30. b4 Ne5 31. Qe2 Nc4 32. Nxc4 Rxc4 33. Nf3 R4c7 34. a3 Ne8 35. Kh1 Nd6 36. Ne5 Nc4 37. Nxc4 Rxc4 38. Qd3 Qc7 39. e4 d4 40. e5 Rxc3 41. Rxc3 dxc3 42. Be4 Bc6 43. Kg2 Bxe4+ 44. Qxe4 Qc6 45. Kf3 c2 46. h4 Qxe4+ 47. Kxe4 Rc3 48. Kd4 Rc4+ 49. Kd3 Rxg4 50. Rxc2 Rxh4 51. Rc8+ Kh7 52. Kc2 Re4 53. Rc6 Rxe5 54. Rxa6 h5 55. Ra5 h4 56. a4 h3 57. axb5 h2 58. Ra1 Rxb5 59. Kb3 Rh5 60. Rh1 g5 0-1

[Event "Stuttgart-chB int"]
[Site "Ditzingen"]
[Date "2010.05.14"]
[Round "3"]
[White "Luft, Jakob"]
[Black "Schaffert, Walter"]
[Result "0-1"]
[WhiteElo "1862"]
[BlackElo "1756"]
[PlyCount "64"]
[EventDate "2010.05.13"]
[EventType "swiss"]
[EventRounds "7"]
[EventCountry "GER"]
[SourceTitle "EXT 2018"]
[Source "ChessBase"]
[SourceDate "2017.10.13"]
[SourceVersion "1"]
[SourceVersionDate "2017.10.13"]
[SourceQuality "1"]

1. e4 d5 2. exd5 Qxd5 3. d4 Nc6 4. Be3 e5 5. c4 Qa5+ 6. Bd2 Bb4 7. d5 Nd4 8. Nc3 Bf5 9. Rc1 Qb6 10. g4 Bg6 11. h4 h5 12. Qa4+ c6 13. Bg2 hxg4 14. Be3 0-0-0 15. a3 Be7 16. dxc6 bxc6 17. b4 Nf6 18. Nge2 Bd3 19. b5 c5 20. Ng3 Nf3+ 21. Bxf3 gxf3 22. h5 Kb8 23. Qb3 Rd7 24. a4 Rhd8 25. h6 gxh6 26. Rxh6 Bg6 27. Kf1 Rd3 28. Kg1 Ng4 29. Qb2 Nxh6 30. Bxh6 Qe6 31. b6 Qh3 32. bxa7+ Ka8 0-1

[Event "Stuttgart-chB int"]
[Site "Ditzingen"]
[Date "2010.05.13"]
[Round "1"]
[White "Luft, Jakob"]
[Black "Schoefzig, Winfried"]
[Result "1-0"]
[WhiteElo "1862"]
[BlackElo "1648"]
[PlyCount "63"]
[EventDate "2010.05.13"]
[EventType "swiss"]
[EventRounds "7"]
[EventCountry "GER"]
[SourceTitle "EXT 2018"]
[Source "ChessBase"]
[SourceDate "2017.10.13"]
[SourceVersion "1"]
[SourceVersionDate "2017.10.13"]
[SourceQuality "1"]

1. e4 d6 2. d4 Nf6 3. Nd2 e5 4. c3 c6 5. Ngf3 Qc7 6. Bc4 Be7 7. 0-0 b5 8. Bd3 0-0 9. h3 a5 10. Re1 Nbd7 11. Nf1 h6 12. Ng3 Nb6 13. b3 a4 14. Bd2 Kh7 15. Qe2 axb3 16. axb3 Be6 17. d5 cxd5 18. exd5+ e4 19. Bxe4+ g6 20. dxe6 d5 21. Bd3 Bd6 22. Qe3 Ng8 23. Nd4 f5 24. Qf3 Be5 25. Nxb5 Qg7 26. Rxa8 Rxa8 27. Nxf5 Qf6 28. Nfd4 Qg7 29. Qf7 Bf6 30. Bxg6+ Kh8 31. Nf5 Qxf7 32. exf7 1-0

[Event "Stuttgart-chB int"]
[Site "Ditzingen"]
[Date "2010.05.13"]
[Round "2"]
[White "Schreiber, Stephan"]
[Black "Luft, Jakob"]
[Result "0-1"]
[WhiteElo "1703"]
[BlackElo "1862"]
[PlyCount "148"]
[EventDate "2010.05.13"]
[EventType "swiss"]
[EventRounds "7"]
[EventCountry "GER"]
[SourceTitle "EXT 2018"]
[Source "ChessBase"]
[SourceDate "2017.10.13"]
[SourceVersion "1"]
[SourceVersionDate "2017.10.13"]
[SourceQuality "1"]

1. d4 d5 2. Bf4 Nf6 3. e3 Nbd7 4. Nf3 e6 5. Bd3 c5 6. c3 Be7 7. h3 Qb6 8. Qc1 h6 9. Nbd2 g5 10. Be5 Nxe5 11. Nxe5 Bd6 12. Ndf3 a6 13. b3 cxd4 14. cxd4 Qa5+ 15. Nd2 Bb4 16. a3 Bxd2+ 17. Qxd2 Qb6 18. b4 Bd7 19. Nxd7 Nxd7 20. Rc1 Ke7 21. 0-0 Qd6 22. Rc2 Rhc8 23. Rfc1 Rxc2 24. Qxc2 Rb8 25. Be2 Rh8 26. Qc7 Qxc7 27. Rxc7 Rb8 28. Kf1 Kd6 29. Rc2 Nb6 30. Ke1 f6 31. Kd2 e5 32. dxe5+ fxe5 33. f3 Rf8 34. Rc1 Na4 35. Bd1 Nb6 36. Bb3 e4 37. Ke2 exf3+ 38. gxf3 Re8 39. Rd1 Ke5 40. a4 Rc8 41. Rd3 Rc1 42. Kd2 Rh1 43. a5 Nc4+ 44. Bxc4 dxc4 45. Rc3 Rh2+ 46. Ke1 Kd5 47. Kf1 Rb2 48. f4 Rb3 49. e4+ Kd4 50. Rc1 Rf3+ 51. Ke2 Rxf4 52. Rd1+ Kc3 53. Rd7 Rxe4+ 54. Kf2 Rf4+ 55. Ke3 Kxb4 56. Rxb7+ Kxa5 57. Ke2 Rh4 58. Rc7 Kb4 59. Rb7+ Kc3 60. Ra7 Rxh3 61. Rxa6 Rh2+ 62. Ke1 h5 63. Kf1 g4 64. Kg1 g3 65. Rg6 h4 66. Rg8 Rd2 67. Rh8 Rd4 68. Kg2 Kc2 69. Kf3 c3 70. Ke2 Kc1 71. Ke3 Rg4 72. Kf3 Rg7 73. Ra8 c2 74. Ra2 Rb7 0-1

[Event "Stuttgart-chB int"]
[Site "Ditzingen"]
[Date "2005.05.08"]
[Round "7"]
[White "Luft, Jakob"]
[Black "Baumeister, Juergen"]
[Result "1-0"]
[WhiteElo "1850"]
[BlackElo "1747"]
[PlyCount "80"]
[EventDate "2005.05.05"]
[EventType "swiss"]
[EventRounds "7"]
[EventCountry "GER"]
[SourceTitle "EXT 2018"]
[Source "ChessBase"]
[SourceDate "2017.10.13"]
[SourceVersion "1"]
[SourceVersionDate "2017.10.13"]
[SourceQuality "1"]

1. e4 e5 2. Nf3 Nf6 3. Nxe5 d6 4. Nf3 Nxe4 5. d4 d5 6. Bd3 Nc6 7. 0-0 Be7 8. Re1 f5 9. c4 Nb4 10. Bf1 0-0 11. Qb3 Be6 12. Nc3 c6 13. c5 a5 14. a3 Na6 15. Qxb7 Naxc5 16. dxc5 Nxc5 17. Qxc6 Bf7 18. Ne5 Be6 19. Qb5 d4 20. Nc6 Qd7 21. Nxe7+ Qxe7 22. Nd5 Qd6 23. Nf4 Rfb8 24. Qe2 Bf7 25. Qe5 Qc6 26. Qxf5 Nb3 27. Rb1 a4 28. Bd3 g6 29. Qg4 Rc8 30. Ne2 Be6 31. Qg3 Bf7 32. Bh6 Ra5 33. h4 Rh5 34. Bg5 h6 35. Nf4 hxg5 36. Nxh5 gxh5 37. Qxg5+ Kf8 38. Qe7+ Kg8 39. Re5 Rc7 40. Rg5+ Kh8 1-0

[Event "Stuttgart-chB"]
[Site "Stuttgart"]
[Date "2004.??.??"]
[Round "?"]
[White "Fischer, Benjamin"]
[Black "Luft, Jakob"]
[Result "1-0"]
[WhiteElo "1680"]
[BlackElo "1800"]
[PlyCount "99"]
[EventDate "2004.05.20"]
[EventType "swiss"]
[EventRounds "7"]
[EventCountry "GER"]
[SourceTitle "EXT 2007"]
[Source "ChessBase"]
[SourceDate "2006.11.23"]
[SourceVersion "1"]
[SourceVersionDate "2006.11.23"]
[SourceQuality "1"]

1. d4 Nf6 2. c4 g6 3. Nc3 Bg7 4. e4 d6 5. Nf3 Bg4 6. Be2 Nbd7 7. h3 Bxf3 8. Bxf3 c5 9. Be3 cxd4 10. Bxd4 0-0 11. 0-0 Rc8 12. Qe2 Qa5 13. a3 Ne5 14. b4 Nxf3+ 15. Qxf3 Qh5 16. Qd3 Nd7 17. Nd5 Rfe8 18. f4 e5 19. fxe5 Bxe5 20. Bxe5 Qxe5 21. Rfe1 Qg5 22. Rac1 Ne5 23. Qe2 b5 24. c5 dxc5 25. Rxc5 Rxc5 26. bxc5 Rc8 27. Rb1 a6 28. Qf2 h5 29. h4 Qd8 30. Qd4 Ng4 31. g3 g5 32. hxg5 Qxg5 33. Rf1 Rd8 34. c6 Ne5 35. Qf2 Kf8 36. c7 Rc8 37. Qf4 Qxf4 38. gxf4 Nc4 39. Rc1 Ke8 40. a4 Kd7 41. axb5 axb5 42. Rb1 Rg8+ 43. Kf2 Nd6 44. Nf6+ Kxc7 45. Nxg8 Nxe4+ 46. Ke3 Nd6 47. Nf6 Kc6 48. Nxh5 Kc5 49. Ng3 Nc4+ 50. Kd3 1-0